Регионална библиотека "Любен Каравелов" - Русе

Упражнения по етикет (Запис номер 400324)

MARC детайли
000 -Лидер
Контролно поле с фиксирана дължина 01620nam a2200325 a 4500
003 - Код на организацията, давaща контролен номер
Контролно поле BLK
005 - Дата и час на последна редакция
Контролно поле 20250513180237.0
008 - Елементи от данни с фиксирана дължина
fixed length control field 210309b bu |||||r|||| 00| 0 bu d
020 ## - Международен стандартен номер на книга ISBN
Международен стандартен номер на книга ISBN 978-619-151-574-5
040 ## - Източник на каталожния запис
Идентификатор на билиотеката - собственик на записа BLK
041 ## - Код за език
Код за езика на текст/звукозапис или на отделно заглавие Български
Код за езика КДБФ Български
080 ## - УДК
Текстов определител УДК Издания за деца и юноши. Книжки-картинки. Читанки. Вж и 372.4
УДК код - определител по УДК 087.5
УДК определител :395
УДК - код + определител 087.5:395
080 ## - УДК
Текстов определител УДК Церемониал. Етикет. Общ. норми на поведение. Йерархия. Дарове. Подаръци
УДК код - определител по УДК 395
УДК определител :087.5
УДК - код + определител 395:087.5
100 ## - Редна дума - Автор
R(LIN) 1299
Автор Басарова-Дичева, Невена Валентинова
Авторска отговорност първи автор
139 ## - Редно поле
Редна дума Басарова-Дичева, Невена Валентинова
Авторски знак Бару - Б 27
245 ## - Сведения за заглавието
Заглавие Упражнения по етикет
Подзаглавни данни детска академия за добри обноски
Редно поле (дума) Невена Басарова ; ил. Стелияна Донева
260 ## - Област на издателските данни
9 (RLIN) 209582
Място на издаване, разпространение и проч. София
Име на издателя, разпространителя и проч. СофтПрес
Година на издаване 2020
Печатница ([Добрич] : Фолиарт)
300 ## - Физическа характеристика
Страници 48 с.
Илюстрации и др. с цв. ил., [2] л. : цв. стикери
Размери/Мащаб 28 см
380 ## - Жанр
Жанр Детска отраслова лит.
500 ## - Общи забележки
Забележка Биогр. данни за авт. отбелязани на гърба на кор.
650 #7 - Допълнително описание по предмет – тема
9 (RLIN) 155159
Основно описание – тема или топоним Етикет
653 #7 - Ключова дума – ненормативна
9 (RLIN) 186473
Ключова дума етикет
653 #7 - Ключова дума – ненормативна
9 (RLIN) 184826
Ключова дума детска литература
700 ## - Други автори (авторска отговорност)
9 (RLIN) 599
Лично име Донева, Стелияна Христова
Автороска отговорност (Описва отношението между автора и произведението) ил.
852 ## - Местоположение
Форматна сигнатура Цб ІІ 29810
Фондова буква Хранилище
999 ## - СИСТЕМНИ КОНТРОЛНИ НОМЕРА
Koha biblionumber 400324
Koha biblioitemnumber 400324
942 ## - АРТИКУЛИ
Вид на библиотечния материал Книги
Скрит в OPAC Не
Периодичен библиозапис Да
Koha issues (borrowed), all copies 15
944 ## - СЪЗДАВАНЕ И РЕДАКЦИЯ на ЗАПИСА
Създаване/Редакция Създаване
Дата на регистрацията/редакция 2021-03-09
Служител, извършил регистрацията/редакцията 30551
Статус, дата на статуса Бояна Костадинова
999 ## - СИСТЕМНИ КОНТРОЛНИ НОМЕРА
Koha biblioitemnumber 400324
999 ## - СИСТЕМНИ КОНТРОЛНИ НОМЕРА
Koha biblioitemnumber 400324
Наличности
Код за отписване Код за изгубен артикул Източник на класификационната схема Код за повреда Коз за рестрикции Код за отдаване Артикулен № Име на библиотеката - собственик Име на библиотеката, в която се намира в момента Статус (Текущо местоположение) Дата на вписване в системата Местоположение - отдел Цена в лева Систематично азбучна сигнатура Баркод Цена в евро Служебен тип на артикула
  Не е изгубен Universal Decimal Classification Не е повреден само за читалня ползва се в читалня 815671 Регионална библиотека "Любен Каравелов" Русе Регионална библиотека "Любен Каравелов" Русе Хранилище 2021-03-10 Хранилище 9.99 Цб ІІ 29810 120000852955 5.11 Книги
  Не е изгубен Universal Decimal Classification Не е повреден без рестрикции заемане за дома 872354 Регионална библиотека "Любен Каравелов" Русе Регионална библиотека "Любен Каравелов" Русе Детски отдел 2022-02-16 Детски отдел 7.49 39/Б 27 Н 120000866031 3.83 Книги
  Не е изгубен Universal Decimal Classification Не е повреден без рестрикции заемане за дома 872355 Регионална библиотека "Любен Каравелов" Русе Регионална библиотека "Любен Каравелов" Русе Детски отдел 2022-02-16 Детски отдел 7.49 39/Б 27 Н 120000866032 3.83 Книги
Vip Innovations Ltd, Rousse, Bulgaria 2025